[Event "65.Camp. Veneto Quarti di Finale"]
[Site "Arquà Petrarca ITA"]
[Date "2005.05.15"]
[Round "6.17"]
[White "Colusso, Enrico"]
[Black "Marson, Luca"]
[Result "0-1"]
[WhiteElo "1727"]
[BlackElo "1987"]
[Annotator "Antonio Rosino"]
[PlyCount "136"]
[EventDate "2005.05.07"]
[EventType "swiss"]
[EventRounds "6"]
[EventCountry "ITA"]

1. e4 c5 2. b3 Nc6 3. Bb5 Nd4 4. Bd3 d6 5. c3 Nc6 6. Bb5 Bd7 7. Ne2 g6 8. Bb2 Bg7 9. O-O a6 10. Bxc6 Bxc6 11. Qc2 Nf6 12. d3 O-O 13. c4 b5 14. Nd2 Rb8 15. Rab1 Qd7 16. Rfe1 e5 17. f4 Ng4 18. Nf1 Bh6 19. h3 exf4 20. hxg4 Qxg4 21. Nh2 Qh5 22. Nc3 g5 23. Qe2 Qg6 24. Nd5 Bxd5 25. exd5 Rbe8 26. Qf3 (26. Qxe8 Rxe8 27. Rxe8+ Bf8 28. Ng4 f5 29. Nf6+ Kf7 30. Rbe1) 26... Bg7 27. Bxg7 Qxg7 28. Re2 (28. Re4) 28... Qd4+ 29. Kf1 Re3 30. Rxe3 fxe3 31. Qe2 Qf4+ 32. Kg1 Re8 33. Rf1 Qd4 34. Ng4 Kg7 35. Rf3 (35. Nf6) 35... h5 36. Nxe3 (36. Nf6) 36... g4 37. Rg3 f5 38. Kh2 Re5 39. Nxf5+ Rxf5 40. Re3 Qf4+ 41. Kg1 Rf7 42. Re7 Qd4+ 43. Kh1 Qa1+ 44. Kh2 Qf6 45. Rxf7+ Qxf7 46. Qe3 Qf6 47. Qe2 Qh4+ 48. Kg1 g3 49. Qf3 Qd4+ 50. Kf1 Qa1+ 51. Ke2 Qe5+ 52. Kd1 b4 53. Kc2 a5 54. Qe4 Qc3+ 55. Kb1 Qf6 56. Qe2 h4 57. Qg4+ Kf7 58. Qd7+ Qe7 59. Qf5+ Qf6 60. Qh7+ Kf8 61. Qd7 Qf1+ 62. Kc2 Qxg2+ 63. Kb1 Qf1+ 64. Kc2 Qf6 65. Qc8+ Kg7 66. Qg4+ Kh6 67. Qh3 Qf2+ 68. Kb1 Qg1+ 0-1

[Event "65.Camp. Veneto Quarti di Finale"]
[Site "Arquà Petrarca ITA"]
[Date "2005.05.15"]
[Round "6.18"]
[White "Carlassara, Renato"]
[Black "Morganti, Lionello"]
[Result "1/2-1/2"]
[WhiteElo "1748"]
[BlackElo "1667"]
[Annotator "Gabriele Ballarin"]
[PlyCount "28"]
[EventDate "2005.05.07"]
[EventType "swiss"]
[EventRounds "6"]
[EventCountry "ITA"]

1. e4 g6 2. d4 Bg7 3. f4 d6 4. Nf3 Nf6 5. Nc3 O-O 6. Be2 c5 7. d5 a6 8. a4 a5 9. O-O Na6 10. Bxa6 Rxa6 11. Qd3 Ra8 12. Bd2 b6 13. Nb5 Ba6 14. c4 Ne8 1/2-1/2

[Event "65.Camp. Veneto Quarti di Finale"]
[Site "Arquà Petrarca ITA"]
[Date "2005.05.15"]
[Round "6.19"]
[White "De Zordi, Fabio"]
[Black "Lorenzini, Adriano"]
[Result "0-1"]
[WhiteElo "1733"]
[BlackElo "1883"]
[Annotator "Gabriele Ballarin"]
[PlyCount "86"]
[EventDate "2005.05.07"]
[EventType "swiss"]
[EventRounds "6"]
[EventCountry "ITA"]

1. Nf3 Nf6 2. b3 d5 3. Bb2 Bf5 4. e3 e6 5. c4 Be7 6. Nc3 c6 7. Be2 Nbd7 8. O-O h6 9. cxd5 exd5 10. a3 a5 11. Rc1 O-O 12. Na4 Ne4 13. d3 Nec5 14. Nxc5 Bxc5 15. d4 Bd6 16. Bd3 Bxd3 17. Qxd3 Qe7 18. Ra1 f5 19. g3 Qe4 20. Qxe4 fxe4 21. Nd2 a4 22. Rfc1 Nb6 23. b4 Rf5 24. Rc2 Raf8 25. Rf1 h5 26. b5 cxb5 27. f3 Nc4 28. Nxc4 bxc4 29. f4 b5 30. Rb1 Rb8 31. Bc1 Rf7 32. Ra2 Rfb7 33. Bd2 b4 34. axb4 Bxb4 35. Rab2 Bxd2 36. Rxb7 Bxe3+ 37. Kf1 Rxb7 38. Rxb7 Bxd4 39. Rb8+ Kf7 40. Ra8 Bb2 41. Ke1 a3 42. Ra6 d4 43. h3 c3 0-1

[Event "65.Camp. Veneto Quarti di Finale"]
[Site "Arquà Petrarca ITA"]
[Date "2005.05.15"]
[Round "6.20"]
[White "Battiston, Gianfranco"]
[Black "Zannol, Roberto"]
[Result "0-1"]
[WhiteElo "1664"]
[BlackElo "1745"]
[Annotator "Gabriele Ballarin"]
[PlyCount "72"]
[EventDate "2005.05.07"]
[EventType "swiss"]
[EventRounds "6"]
[EventCountry "ITA"]

1. e4 d6 2. Nf3 g6 3. Nc3 Nf6 4. d4 Bg7 5. Bg5 c5 6. dxc5 Qa5 7. Bb5+ Bd7 8. Bxd7+ Nbxd7 9. O-O Qxc5 10. Qe2 O-O 11. Rab1 Rac8 12. Be3 Qh5 13. Rbd1 Ng4 14. Rd5 Nde5 15. h3 Nxe3 16. fxe3 Nxf3+ 17. Rxf3 Qh6 18. Nd1 Be5 19. c3 Rc7 20. Nf2 Bh8 21. Ng4 Qg7 22. Qf2 h5 23. Nh2 Rc5 24. Rd4 Rfc8 25. Qe2 Qe5 26. Qf1 Qe6 27. Rg3 Bxd4 28. exd4 R5c7 29. Qe2 Kh7 30. Nf3 f5 31. Nh4 Rg8 32. d5 Qf7 33. Rxg6 Rxg6 34. Qxh5+ Kg7 35. Nxf5+ Kf8 36. Nh4 Rxg2+ 0-1

[Event "65.Camp. Veneto Quarti di Finale"]
[Site "Arquà Petrarca ITA"]
[Date "2005.05.15"]
[Round "6.21"]
[White "Canazza, Alessandro"]
[Black "De Nardi, Riccardo"]
[Result "0-1"]
[WhiteElo "1733"]
[BlackElo "1660"]
[Annotator "Gabriele Ballarin"]
[PlyCount "112"]
[EventDate "2005.05.07"]
[EventType "swiss"]
[EventRounds "6"]
[EventCountry "ITA"]

1. g3 d5 2. Bg2 e5 3. d3 Nf6 4. Nc3 Bb4 5. a3 Ba5 6. Nf3 d4 7. b4 dxc3 8. bxa5 Qd5 9. d4 exd4 10. Qxd4 Qxa5 11. Bg5 Nc6 12. Qe3+ Be6 13. Bxf6 gxf6 14. Nd4 Nxd4 15. Qxd4 Qe5 16. Qa4+ c6 17. Rd1 O-O 18. O-O Qxe2 19. Rfe1 Qc4 20. Qa5 b6 21. Qh5 Qg4 22. Qxg4+ Bxg4 23. Rd3 Rac8 24. Rxc3 c5 25. Re7 Rcd8 26. f3 Rd7 27. Re2 Be6 28. f4 Rfd8 29. Kf2 Rd2 30. Ke3 Rxe2+ 31. Kxe2 Kf8 32. Bf3 Rd4 33. Ke3 Rc4 34. Rxc4 Bxc4 35. Ke4 Ke7 36. Bh5 Ba2 37. c3 a5 38. h4 b5 39. Kd3 a4 40. Bf3 Kd6 41. Kc2 Bb3+ 42. Kd3 b4 43. cxb4 cxb4 44. axb4 a3 45. Kc3 a2 46. Kb2 Kc7 47. Be4 h6 48. Bd3 Kb6 49. Bh7 Kb5 50. Bd3+ Kxb4 51. Bf5 Be6 52. Bxe6 fxe6 53. Kxa2 Kc5 54. Kb2 Kd4 55. Kc2 Ke4 56. Kd2 Kf3 0-1

[Event "65.Camp. Veneto Quarti di Finale"]
[Site "Arquà Petrarca ITA"]
[Date "2005.05.15"]
[Round "6.23"]
[White "De Vries, Bernhard"]
[Black "Bozzao, Francesco"]
[Result "0-1"]
[WhiteElo "1592"]
[BlackElo "1715"]
[Annotator "Gabriele Ballarin"]
[PlyCount "92"]
[EventDate "2005.05.07"]
[EventType "swiss"]
[EventRounds "6"]
[EventCountry "ITA"]

1. d4 Nf6 2. c4 g6 3. Nc3 Bg7 4. e4 d6 5. Nf3 O-O 6. Be2 e5 7. d5 a5 8. h3 Na6 9. Be3 Nd7 10. O-O f5 11. Ng5 Nf6 12. exf5 gxf5 13. f4 Qe7 14. fxe5 dxe5 15. g3 h6 16. Nf3 Nc5 17. Kg2 Nfe4 18. Nh4 Rf6 19. Bh5 Raa6 20. Nf3 Nxc3 21. bxc3 Ne4 22. Qc2 Nxg3 23. Kxg3 f4+ 24. Bxf4 exf4+ 25. Kh2 Bf5 26. Qd2 Qd6 27. Rae1 Rf8 28. Rg1 Kh8 29. Nd4 f3+ 30. Kh1 Bxh3 31. Rxg7 Kxg7 32. Ne6+ Bxe6 33. Rxe6 Qf4 34. Re7+ Kh8 35. Qxf4 Rxf4 36. Re8+ Kg7 37. Re7+ Kf6 38. Rf7+ Kg5 39. Rxf4 Kxf4 40. Kg1 Ke3 41. c5 Rf6 42. c4 Rf4 43. d6 cxd6 44. cxd6 Rxc4 45. d7 Rd4 46. Be8 f2+ 0-1

[Event "65.Camp. Veneto Quarti di Finale"]
[Site "Arquà Petrarca ITA"]
[Date "2005.05.15"]
[Round "6.24"]
[White "Fabrello, Alessandro"]
[Black "Chiesa, Roberto"]
[Result "0-1"]
[WhiteElo "1500"]
[BlackElo "1685"]
[Annotator "Gabriele Ballarin"]
[PlyCount "88"]
[EventDate "2005.05.07"]
[EventType "swiss"]
[EventRounds "6"]
[EventCountry "ITA"]

1. e4 e6 2. d4 d5 3. Nc3 Bb4 4. exd5 exd5 5. Bd2 Nf6 6. h3 Bf5 7. Nf3 O-O 8. Be2 Nc6 9. O-O h6 10. a3 Ba5 11. Na4 Bxd2 12. Qxd2 Ne4 13. Qd1 Qf6 14. Nh2 Qxd4 15. Nc3 Nxc3 16. bxc3 Qc5 17. Qd2 Ne7 18. Bd3 c6 19. Nf3 Bxd3 20. cxd3 Ng6 21. Rfe1 Rfe8 22. Rxe8+ Rxe8 23. Qb2 b6 24. Qb4 Qe7 25. Re1 Qd7 26. Rxe8+ Qxe8 27. Qa4 a5 28. Nd4 Qe1+ 29. Kh2 Qxc3 30. Nxc6 Qxd3 31. Ne7+ Nxe7 32. Qe8+ Kh7 33. Qxe7 Qf5 34. Qc7 Qxf2 35. Qe5 d4 36. Qe4+ g6 37. Qd3 Qf4+ 38. Kh1 Qc1+ 39. Kh2 Qc5 40. Qf3 Kg7 41. Qd3 b5 42. Kh1 b4 43. axb4 axb4 44. Qe4 g5 0-1

[Event "65.Camp. Veneto Quarti di Finale"]
[Site "Arquà Petrarca ITA"]
[Date "2005.05.15"]
[Round "6.25"]
[White "Franco, Leopoldo"]
[Black "Reginato, Mauro"]
[Result "0-1"]
[WhiteElo "1468"]
[BlackElo "1697"]
[Annotator "Gabriele Ballarin"]
[PlyCount "96"]
[EventDate "2005.05.07"]
[EventType "swiss"]
[EventRounds "6"]
[EventCountry "ITA"]

1. d4 d5 2. c4 e6 3. e3 Nf6 4. Nc3 Be7 5. cxd5 exd5 6. Nf3 c6 7. Be2 Bf5 8. O-O Nbd7 9. Ne5 Qc7 10. f4 Ne4 11. g4 Nxc3 12. bxc3 Be4 13. Bf3 Nb6 14. Bxe4 dxe4 15. Qc2 f6 16. Qxe4 fxe5 17. fxe5 O-O-O 18. Rf7 Rdf8 19. Rxg7 Qd8 20. Bd2 h5 21. Rf1 Kb8 22. e6 Nc4 23. Be1 Rxf1+ 24. Kxf1 hxg4 25. Kg1 Bd6 26. e7 Bxh2+ 27. Kg2 Qd5 28. Rxg4 Nxe3+ 29. Kf3 Nxg4 30. Qxd5 cxd5 31. Kxg4 Re8 32. Bh4 Bd6 33. Kf5 Bxe7 34. Bg3+ Kc8 35. Ke6 Bh4+ 36. Kf7 Bxg3 37. Kxe8 Kc7 38. Ke7 Kc6 39. a4 a6 40. Ke6 b5 41. axb5+ axb5 42. Kf5 Be1 43. Kf4 Bxc3 44. Ke3 b4 45. Kd3 Kb5 46. Ke3 b3 47. Kd3 Kb4 48. Ke3 b2 0-1

[Event "65.Camp. Veneto Quarti di Finale"]
[Site "Arquà Petrarca ITA"]
[Date "2005.05.15"]
[Round "6.26"]
[White "Pomaro, Stefano"]
[Black "Menin, Massimo"]
[Result "1-0"]
[WhiteElo "1756"]
[BlackElo "1589"]
[Annotator "Gabriele Ballarin"]
[PlyCount "69"]
[EventDate "2005.05.07"]
[EventType "swiss"]
[EventRounds "6"]
[EventCountry "ITA"]

1. e4 c5 2. b4 e6 3. bxc5 Bxc5 4. d4 Bb6 5. Nf3 d5 6. e5 h6 7. Bd3 Nc6 8. c3 Nge7 9. O-O O-O 10. Nh4 Nf5 11. Nxf5 exf5 12. Qh5 Nxd4 13. Na3 Nc6 14. Re1 Re8 15. Bxf5 Rxe5 16. Rxe5 Nxe5 17. Bxc8 Bxf2+ 18. Kxf2 Qf6+ 19. Kg1 Rxc8 20. Be3 Rxc3 21. Rf1 Qe6 22. Bd4 Rxa3 23. Bxe5 Rxa2 24. Bc3 Re2 25. Rxf7 Qe3+ 26. Kf1 Qxc3 27. Kxe2 Qc4+ 28. Kf2 b5 29. Qf3 Qc5+ 30. Kg3 d4 31. Rf5 Qd6+ 32. Qf4 Qa3+ 33. Kg4 a6 34. h4 Qa2 35. Rf8+ 1-0

[Event "65.Camp. Veneto Quarti di Finale"]
[Site "Arquà Petrarca ITA"]
[Date "2005.05.15"]
[Round "6.27"]
[White "Alessi, Giovanni"]
[Black "Biserni, Federica"]
[Result "1-0"]
[WhiteElo "1652"]
[BlackElo "1422"]
[Annotator "Gabriele Ballarin"]
[PlyCount "95"]
[EventDate "2005.05.07"]
[EventType "swiss"]
[EventRounds "6"]
[EventCountry "ITA"]

1. e4 c6 2. g3 d5 3. Bg2 e5 4. exd5 cxd5 5. d3 Nc6 6. Ne2 Bc5 7. O-O Nge7 8. Nbc3 O-O 9. a3 Bg4 10. Qe1 a6 11. Bg5 f6 12. Bd2 Rc8 13. Rb1 b5 14. Kh1 Qd7 15. f4 Bh3 16. Ng1 Bxg2+ 17. Kxg2 d4 18. Ne4 Bd6 19. Nxd6 Qxd6 20. Qe2 Qd5+ 21. Nf3 Ng6 22. f5 Nge7 23. Qe4 Kf7 24. g4 g5 25. fxg6+ hxg6 26. h3 Rh8 27. c3 Qxe4 28. dxe4 d3 29. Rbd1 Rcd8 30. Ng5+ Kg7 31. Ne6+ Kf7 32. Nxd8+ Nxd8 33. Be3 Ne6 34. Rxd3 g5 35. Rd7 Ke8 36. Rfd1 Ng6 37. Ra7 Ngf4+ 38. Bxf4 Nxf4+ 39. Kf1 Rxh3 40. Rdd7 Rh1+ 41. Kf2 Rh2+ 42. Ke1 Rh1+ 43. Kd2 Rh2+ 44. Kc1 Ne2+ 45. Kd1 Nf4 46. Rdb7 Rh1+ 47. Kc2 Rh2+ 48. Kb3 1-0

[Event "8.Città di Padova Open A"]
[Site "Padova"]
[Date "2005.12.10"]
[Round "1.20"]
[White "Longhini, Guido"]
[Black "Cedriano, Filippo"]
[Result "0-1"]
[WhiteElo "1415"]
[BlackElo "2039"]
[Annotator "Gabriele Ballarin"]
[PlyCount "104"]
[EventDate "2005.12.10"]
[EventType "swiss"]
[EventRounds "9"]
[EventCountry "ITA"]

1. d4 d5 2. Nf3 Nf6 3. e3 e6 4. Bd2 c5 5. c4 Nc6 6. a3 cxd4 7. Nxd4 Nxd4 8. exd4 dxc4 9. Be3 Qa5+ 10. Nc3 Ne4 11. Qa4+ Qxa4 12. Nxa4 b5 13. Nc3 Nxc3 14. bxc3 Be7 15. Be2 Bb7 16. O-O O-O 17. Bf4 Rfd8 18. Rfb1 Bc6 19. Be5 a5 20. f3 Rd7 21. Ra2 Rb7 22. Rba1 Bd5 23. Kf1 Ra6 24. Kf2 f6 25. Bf4 Kf7 26. h3 Rab6 27. Bd2 b4 28. axb4 axb4 29. cxb4 c3 30. Bxc3 Bxa2 31. Rxa2 Bxb4 32. Bxb4 Rxb4 33. Rd2 Rb2 34. Rxb2 Rxb2 35. g4 g5 36. Ke3 Ke7 37. Bd3 h6 38. Bf1 Kd6 39. Ke4 Rb1 40. Be2 Re1 41. Ke3 Rh1 42. Ke4 Rxh3 43. Bc4 f5+ 44. gxf5 exf5+ 45. Kxf5 Rxf3+ 46. Kg4 Rf4+ 47. Kh5 Rxd4 48. Bf1 Rh4+ 49. Kg6 g4 50. Bc4 g3 51. Bf1 g2 52. Bxg2 Rg4+ 0-1

[Event "8.Città di Padova Open A"]
[Site "Padova"]
[Date "2005.12.10"]
[Round "1.21"]
[White "Di Lazzaro, Gabriele"]
[Black "De Marchi, Alessandro"]
[Result "1-0"]
[WhiteElo "2025"]
[BlackElo "1440"]
[Annotator "Gabriele Ballarin"]
[PlyCount "103"]
[EventDate "2005.12.10"]
[EventType "swiss"]
[EventRounds "9"]
[EventCountry "ITA"]

1. e4 c5 2. c3 d5 3. exd5 Qxd5 4. d4 Nf6 5. Nf3 Nc6 6. Be2 e6 7. O-O Be7 8. Na3 a6 9. Nc4 Qd8 10. Be3 Ng4 11. Bf4 O-O 12. h3 Nf6 13. Nfe5 Na5 14. dxc5 Qxd1 15. Rfxd1 Nxc4 16. Nxc4 Bxc5 17. Bf3 Nd5 18. Bxd5 exd5 19. Rxd5 b6 20. Rd2 Be6 21. Ne5 Rfd8 22. Rad1 Rxd2 23. Rxd2 Be7 24. a3 Rd8 25. Rxd8+ Bxd8 26. Nc6 Bf6 27. Bc7 b5 28. Nb4 Bc8 29. Nd5 Kf8 30. Nxf6 gxf6 31. Bd8 Kg7 32. Kf1 Kg6 33. Ke2 Kf5 34. Ke3 Ke5 35. f4+ Ke6 36. g4 f5 37. Kd4 Kd6 38. g5 Be6 39. h4 Bb3 40. Ba5 Bc4 41. Bb4+ Ke6 42. Kc5 Bd3 43. Kc6 Bc4 44. Kb6 Kd5 45. Kxa6 Ke4 46. Bd6 Kd3 47. Ka5 Kc2 48. Kb4 Kxb2 49. a4 bxa4 50. Kxc4 a3 51. Bxa3+ Kxa3 52. Kb5 1-0

[Event "8.Città di Padova Open A"]
[Site "Padova"]
[Date "2005.12.10"]
[Round "1.22"]
[White "Passigato, Marco"]
[Black "Zarpellon, Daniel"]
[Result "0-1"]
[WhiteElo "1440"]
[BlackElo "2010"]
[Annotator "Gabriele Ballarin"]
[PlyCount "60"]
[EventDate "2005.12.10"]
[EventType "swiss"]
[EventRounds "9"]
[EventCountry "ITA"]

1. e4 c5 2. Nf3 Nc6 3. d4 cxd4 4. Nxd4 Nf6 5. Nc3 g6 6. Be3 Bg7 7. Be2 O-O 8. a3 a6 9. O-O d6 10. Rc1 Bd7 11. f4 Nxd4 12. Bxd4 Bc6 13. Bd3 Ne8 14. Bxg7 Nxg7 15. Kh1 Qb6 16. Rb1 e6 17. f5 exf5 18. exf5 Rae8 19. Qg4 Qe3 20. Ne2 h5 21. Qd4 Qg5 22. Rf2 Nxf5 23. Bxf5 gxf5 24. Rbf1 Re5 25. Ng3 Rfe8 26. Qxd6 h4 27. Nxf5 Rxf5 28. Kg1 Rxf2 29. Rxf2 Re1+ 30. Rf1 Qxg2# 0-1

[Event "8.Città di Padova Open A"]
[Site "Padova"]
[Date "2005.12.11"]
[Round "2.3"]
[White "Mosconi, Ariel Oscar"]
[Black "Laketic, Gojko"]
[Result "0-1"]
[WhiteElo "2164"]
[BlackElo "2479"]
[Annotator "Gabriele Ballarin"]
[PlyCount "132"]
[EventDate "2005.12.10"]
[EventType "swiss"]
[EventRounds "9"]
[EventCountry "ITA"]

1. e4 Nf6 2. e5 Nd5 3. Na3 d6 4. Nc4 Nc6 5. Nf3 Bg4 6. exd6 cxd6 7. Ne3 Nxe3 8. fxe3 e6 9. Be2 Be7 10. O-O d5 11. d4 O-O 12. c3 Bf5 13. Qe1 Rc8 14. Nd2 Bd6 15. Bf3 Bd3 16. Be2 Bxe2 17. Qxe2 f5 18. Rf3 Qh4 19. Rh3 Qg4 20. Qf3 Ne7 21. Nb3 Rf6 22. Bd2 Rg6 23. Kh1 Qe4 24. Rf1 Qc2 25. Bc1 Rg4 26. Qf2 Qxf2 27. Rxf2 Kh8 28. Rhf3 Ng8 29. h3 Rg6 30. Rc2 Nf6 31. Nd2 Kg8 32. b3 b5 33. Bb2 Rg3 34. Nf1 Rxf3 35. gxf3 f4 36. Rg2 Kf7 37. exf4 Bxf4 38. Rc2 e5 39. dxe5 Bxe5 40. Ne3 h5 41. Re2 Bxc3 42. Nf5 Bb4 43. Nd4 a6 44. Re6 Re8 45. Rxa6 Re1+ 46. Kg2 Rd1 47. Kg3 Rd2 48. Ba1 Rd1 49. Nc2 Rg1+ 50. Kh2 Bc5 51. b4 Rc1 52. bxc5 Rxc2+ 53. Kg3 Rxc5 54. Kf4 Kg6 55. Ke5 Rc1 56. Bd4 Rh1 57. Rb6 Rxh3 58. f4 Rf3 59. Rxb5 h4 60. Rb1 h3 61. Rg1+ Kh5 62. Rg5+ Kh4 63. Rxg7 Nh5 64. Rg1 Ng3 65. a4 h2 66. Ra1 Rf1 0-1

[Event "8.Città di Padova Open A"]
[Site "Padova"]
[Date "2005.12.11"]
[Round "2.19"]
[White "De Marchi, Alessandro"]
[Black "Russo, Carmelo"]
[Result "1-0"]
[WhiteElo "1440"]
[BlackElo "1728"]
[Annotator "Gabriele Ballarin"]
[PlyCount "62"]
[EventDate "2005.12.10"]
[EventType "swiss"]
[EventRounds "9"]
[EventCountry "ITA"]

1. e4 c5 2. Nf3 Nc6 3. d4 cxd4 4. Nxd4 Nf6 5. Nc3 e5 6. Ndb5 d6 7. Bg5 a6 8. Na3 b5 9. Nd5 h6 10. Bxf6 gxf6 11. Qf3 Bg7 12. c3 O-O 13. Nc2 Be6 14. Nce3 Ra7 15. Bd3 Kh8 16. O-O Ne7 17. Nxf6 Ng6 18. Nh5 Nh4 19. Qe2 Rg8 20. g3 Bf8 21. Kh1 Ng6 22. Nd5 Bg7 23. Qe3 Rb7 24. Nxg7 Kxg7 25. a4 Qg5 26. axb5 axb5 27. Ra6 Qd8 28. Rfa1 f5 29. Ra7 Bxd5 30. exd5 Rf7 31. Bxf5 Rxa7 1-0

[Event "8.Città di Padova Open A"]
[Site "Padova"]
[Date "2005.12.11"]
[Round "2.21"]
[White "Morganti, Lionello"]
[Black "Longhini, Guido"]
[Result "1-0"]
[WhiteElo "1691"]
[BlackElo "1415"]
[Annotator "Gabriele Ballarin"]
[PlyCount "51"]
[EventDate "2005.12.10"]
[EventType "swiss"]
[EventRounds "9"]
[EventCountry "ITA"]

1. e4 d6 2. d4 Nf6 3. Nc3 e6 4. f4 Nc6 5. Nf3 h6 6. Bd3 a6 7. O-O Be7 8. f5 d5 9. e5 Nh7 10. fxe6 Bxe6 11. Ne2 Ng5 12. c3 Nxf3+ 13. Rxf3 Bg4 14. Rf2 Bg5 15. h3 Be6 16. Nf4 Bh4 17. Rf1 Qe7 18. Nxe6 Qxe6 19. Qh5 Be7 20. Rxf7 Nd8 21. Rxg7+ Nf7 22. Bf5 Qxf5 23. Qxf5 Rf8 24. Qe6 Rd8 25. Bxh6 Nxh6 26. Qxe7# 1-0

[Event "8.Città di Padova Open A"]
[Site "Padova"]
[Date "2005.12.12"]
[Round "3.15"]
[White "Di Lazzaro, Gabriele"]
[Black "Passigato, Marco"]
[Result "1-0"]
[WhiteElo "2025"]
[BlackElo "1440"]
[Annotator "Gabriele Ballarin"]
[PlyCount "67"]
[EventDate "2005.12.10"]
[EventType "swiss"]
[EventRounds "9"]
[EventCountry "ITA"]

1. e4 e6 2. Qe2 Nc6 3. Nf3 Bc5 4. c3 h6 5. d4 Be7 6. g3 d6 7. d5 Nb8 8. dxe6 Bxe6 9. Qb5+ Nd7 10. Nd4 Qc8 11. Nxe6 fxe6 12. Qh5+ Kd8 13. Bh3 Ndf6 14. Qe2 c6 15. e5 dxe5 16. Qxe5 Qc7 17. Qxe6 Qd6 18. Qe2 Qd5 19. O-O Qe4 20. Be3 Kc7 21. Nd2 Qd5 22. Bf4+ Bd6 23. Bxd6+ Qxd6 24. Nc4 Qe7 25. Qd2 Rd8 26. Qf4+ Rd6 27. Rfe1 Qf8 28. Rad1 g5 29. Qxd6+ Qxd6 30. Nxd6 Nd5 31. Ne8+ Kb8 32. c4 Nge7 33. Rxe7 Nxe7 34. Rd8+ 1-0

[Event "8.Città di Padova Open A"]
[Site "Padova"]
[Date "2005.12.12"]
[Round "3.17"]
[White "Sautto, Alessandra"]
[Black "De Marchi, Alessandro"]
[Result "1/2-1/2"]
[WhiteElo "1939"]
[BlackElo "1440"]
[Annotator "Gabriele Ballarin"]
[PlyCount "47"]
[EventDate "2005.12.10"]
[EventType "swiss"]
[EventRounds "9"]
[EventCountry "ITA"]

1. d4 Nf6 2. Nf3 g6 3. Nbd2 d5 4. e3 Bg7 5. Bd3 Nbd7 6. b3 O-O 7. Bb2 e5 8. Nxe5 Nxe5 9. dxe5 Ng4 10. Nf3 Re8 11. Qd2 Nxe5 12. Nxe5 Bxe5 13. Bxe5 Rxe5 14. O-O Qe7 15. Rad1 Bd7 16. e4 Bc6 17. exd5 Bxd5 18. Rfe1 Re8 19. Rxe5 Qxe5 20. h3 Bc6 21. a4 Qd5 22. f3 Qd4+ 23. Qf2 Qxf2+ 24. Kxf2 1/2-1/2

[Event "8.Città di Padova Open A"]
[Site "Padova"]
[Date "2005.12.13"]
[Round "4.12"]
[White "De Marchi, Alessandro"]
[Black "Vezzani, Stefano"]
[Result "0-1"]
[WhiteElo "1440"]
[BlackElo "2198"]
[Annotator "Gabriele Ballarin"]
[PlyCount "116"]
[EventDate "2005.12.10"]
[EventType "swiss"]
[EventRounds "9"]
[EventCountry "ITA"]

1. e4 d6 2. d4 Nf6 3. Nc3 e5 4. dxe5 dxe5 5. Qxd8+ Kxd8 6. Bg5 Be6 7. O-O-O+ Nbd7 8. Nf3 Bd6 9. Nb5 Ke7 10. Nxd6 cxd6 11. Bd3 h6 12. Be3 Ng4 13. Rhe1 a6 14. h3 Nxe3 15. Rxe3 Rac8 16. Kb1 g6 17. Ne1 f5 18. f3 f4 19. Re2 g5 20. Red2 Rc6 21. Be2 Nf6 22. Nd3 a5 23. b3 h5 24. Nb2 Rd8 25. Nc4 Bxc4 26. Bxc4 Rc7 27. Be2 Rcd7 28. Bb5 Rc7 29. Be2 Rc6 30. a4 g4 31. hxg4 hxg4 32. Rh1 Rg8 33. Bb5 gxf3 34. gxf3 Rc3 35. Rd3 Rxd3 36. cxd3 Rg3 37. Rf1 Nh7 38. d4 exd4 39. Kc2 Ng5 40. Be2 Kf6 41. Kd3 Ke5 42. Kc4 Rg2 43. Bd1 Ne6 44. Kb5 d3 45. Kxa5 Rb2 46. b4 Kd4 47. b5 Rb1 48. Kb6 Nc5 49. a5 Kc3 50. e5 Kc4 51. exd6 Rxb5+ 52. Kc7 Rxa5 53. d7 Rb5 54. Re1 Nxd7 55. Kxd7 Kc3 56. Re4 Rb1 57. Ba4 b5 58. Bxb5 Rxb5 0-1

[Event "8.Città di Padova Open A"]
[Site "Padova"]
[Date "2005.12.13"]
[Round "4.17"]
[White "Longhini, Guido"]
[Black "Russo, Carmelo"]
[Result "0-1"]
[WhiteElo "1415"]
[BlackElo "1728"]
[Annotator "Gabriele Ballarin"]
[PlyCount "140"]
[EventDate "2005.12.10"]
[EventType "swiss"]
[EventRounds "9"]
[EventCountry "ITA"]

1. d4 Nf6 2. e3 d5 3. Nf3 g6 4. c4 Bg7 5. c5 Nc6 6. a3 O-O 7. b4 Bg4 8. Be2 Re8 9. O-O e5 10. Bb2 exd4 11. Nxd4 Bxe2 12. Qxe2 Ne5 13. Nd2 c6 14. N2f3 Nc4 15. Bc1 Nd7 16. Qc2 a5 17. Rb1 axb4 18. axb4 Na3 19. Bxa3 Rxa3 20. Ra1 Qa8 21. Rxa3 Qxa3 22. Qb3 Ra8 23. Qxa3 Rxa3 24. Rb1 Ra2 25. Ne1 h6 26. h3 Bf6 27. Nd3 Ne5 28. Nc1 Ra8 29. Ncb3 Nc4 30. Ra1 Rxa1+ 31. Nxa1 Nd2 32. Nab3 Nc4 33. Kf1 Kf8 34. Ke2 Bd8 35. Kd3 Ne5+ 36. Kc3 Ke7 37. b5 cxb5 38. Nxb5 Nc6 39. f3 b6 40. N5d4 Kd7 41. Nb5 Bf6+ 42. N5d4 Kc7 43. cxb6+ Kxb6 44. e4 dxe4 45. fxe4 Nxd4 46. Nxd4 Kc5 47. Kd3 Bxd4 48. Ke2 Be5 49. Kf3 h5 50. g4 h4 51. g5 Kd4 52. Kg4 Bg3 53. Kf3 Be1 54. Kg4 Ke5 55. Kf3 f6 56. Kg4 fxg5 57. Kf3 Kd4 58. Kg4 Bd2 59. Kf3 Bf4 60. Kg4 Kd3 61. Kf3 Kd2 62. Kg4 Ke1 63. e5 Kf1 64. e6 Bd6 65. Kxg5 Be7+ 66. Kxg6 Kg2 67. Kf7 Bd8 68. Kg6 Kxh3 69. Kf5 Kg3 70. Kg6 h3 0-1

[Event "8.Città di Padova Open A"]
[Site "Padova"]
[Date "2005.12.13"]
[Round "4.18"]
[White "Passigato, Marco"]
[Black "Cipolotti, Piersilvio"]
[Result "0-1"]
[WhiteElo "1440"]
[BlackElo "1703"]
[Annotator "Gabriele Ballarin"]
[PlyCount "70"]
[EventDate "2005.12.10"]
[EventType "swiss"]
[EventRounds "9"]
[EventCountry "ITA"]

1. e4 Nc6 2. Nf3 d6 3. d4 Nf6 4. Nc3 Bg4 5. Bb5 a6 6. Bxc6+ bxc6 7. O-O e6 8. Re1 d5 9. e5 Nd7 10. a3 c5 11. Re3 cxd4 12. Qxd4 Bf5 13. Ne1 c5 14. Qa4 d4 15. Rg3 dxc3 16. Rxc3 Be7 17. Be3 O-O 18. Rd1 Nb6 19. Rxd8 Nxa4 20. Rxf8+ Bxf8 21. Rb3 Rd8 22. f4 Rd1 23. Kf2 Rb1 24. Rb8 Rxb2 25. Bxc5 Rxb8 26. Bd6 Bxd6 27. exd6 Rd8 28. Kf3 Rxd6 29. g4 Rd1 30. Nd3 Bxd3 31. cxd3 Rxd3+ 32. Ke4 Rxa3 33. f5 exf5+ 34. Kxf5 Rh3 35. g5 Rxh2 0-1

[Event "8.Città di Padova Open A"]
[Site "Padova"]
[Date "2005.12.14"]
[Round "5.12"]
[White "Russo, Carmelo"]
[Black "Cedriano, Filippo"]
[Result "0-1"]
[WhiteElo "1728"]
[BlackElo "2039"]
[Annotator "Gabriele Ballarin"]
[PlyCount "62"]
[EventDate "2005.12.10"]
[EventType "swiss"]
[EventRounds "9"]
[EventCountry "ITA"]

1. d4 d5 2. Nf3 Nf6 3. Bg5 Ne4 4. Nbd2 Nxg5 5. Nxg5 h6 6. Ngf3 Bf5 7. g3 e6 8. Bg2 c5 9. O-O Nc6 10. c3 cxd4 11. Nxd4 Nxd4 12. cxd4 Qd7 13. e4 dxe4 14. Nxe4 Bxe4 15. Bxe4 Be7 16. Rc1 O-O 17. Qd3 Rad8 18. Rfd1 Kh8 19. b3 f5 20. Bg2 e5 21. Qf3 e4 22. Qf4 Bg5 23. Qe5 Bxc1 24. Rxc1 Qxd4 25. Qf4 Qd2 26. Qe3 Qxe3 27. fxe3 Rc8 28. Rf1 h5 29. h4 g5 30. Bh3 Kg7 31. Bxf5 gxh4 {Nur} 0-1